| 000 | 00529nam a2200193Ia 4500 | ||
|---|---|---|---|
| 008 | 240510s9999 xx 000 0 und d | ||
| 020 | _a0000070316066 | ||
| 041 | _aEng | ||
| 082 | _a004.3 | ||
| 082 | _bH81 | ||
| 100 | _aHWANG, Kai, DeGroot, D. (ed.) | ||
| 245 | 0 | _aParallel Processing for Super Computers and Artificial Intelligence | |
| 260 | _bNew York:McGraw-Hill | ||
| 260 | _c1989 | ||
| 300 | _a673 p. | ||
| 650 | _aParallel processing : artificial intelligence : supercomputer | ||
| 942 | _2ddc | ||
| 942 | _cLBK | ||
| 999 |
_c24433 _d24433 |
||
| 945 |
_a1 _bMadushi Gamage _c1 _dMadushi Gamage |
||